| 000 | 00744nam a22002057a 4500 | ||
|---|---|---|---|
| 999 |
_c6812 _d6812 |
||
| 003 | AR-CdUCM | ||
| 008 | 190319b ||||| |||| 00| 0 spa d | ||
| 040 |
_aMUNICIPALIDAD PROVINCIAL DEL CUSCO _cBIBLIOTECA MUNICIPAL DEL CUSCO |
||
| 082 |
_a378.5 / _bA22 |
||
| 100 |
_aAdams, Margaret _919192 |
||
| 245 | _aEl subnormal mental / | ||
| 260 |
_aEspaña : _bNova terra, _c1970. |
||
| 300 |
_a410 páginas ; _c21 cm. |
||
| 505 | _aContenido : El panorama histórico -- Principios de Casewdrken este campo -- Asistencia social dentro de la comunidad -- Centros de adiestramiento para niños y enseñanza en el hogar ... | ||
| 650 |
_aPsicología _91538 |
||
| 650 |
_aSalud _98684 |
||
| 650 |
_aNiños _99390 |
||
| 942 |
_2ddc _cLIBROS |
||
| 945 | _arah | ||